Deeper, Deeper, Deeper... Quiz Stats

 Plays Quiz not verified by Sporcle

Support Sporcle.
Go Orange.
Score 0/10 Timer 06:00
0 Plays Today
Animal Clue Animal % Correct
????
100%
????
78.9%
????
31.6%
????
31.6%
????
31.6%
????
21.1%
????
15.8%
????
15.8%
????
15.8%
????
5.3%

You're not logged in!

Compare scores with friends on all Sporcle quizzes.
OR
Log In

From the Vault

NBA Top 200 Scorers (1990s)

by maine_moxie

The ceiling is the roof.
Remove Ads.
Support Sporcle.
Get the best of Sporcle when you Go Orange. This ad-free experience offers more features, more stats, and more fun while also helping to support Sporcle. Thank you for becoming a member.

Show Comments

Extras

Created Feb 6, 2018ReportNominate
Tags:General Science Quiz, Scary

Top Quizzes Today


Score Distribution

Your Account Isn't Verified!

In order to create a playlist on Sporcle, you need to verify the email address you used during registration. Go to your Sporcle Settings to finish the process.

Report this User

Report this user for behavior that violates our Community Guidelines.

Details: